| 000 | 00514nam a22001817a 4500 | ||
|---|---|---|---|
| 003 | LK-CoDNM | ||
| 005 | 20250110114432.0 | ||
| 008 | 250110b |||||||| |||| 00| 0 eng d | ||
| 040 |
_aLK-CoDNM _dLK-CoDNM _eLK-CoDNM |
||
| 041 | _aeng | ||
| 080 |
_a5 _bO1 |
||
| 100 | _aMangan Joseph | ||
| 245 | _aThe entry of zooxanthellae into the ovum of millepora, and some particulars concerning the medusae. | ||
| 260 | _buniversity of manchester | ||
| 300 | _a583p. : ill , 24 cm | ||
| 650 | _aScience | ||
| 942 | _cBK | ||
| 999 |
_c235900 _d235900 |
||